Celebraciones bíblico eucarísticas (Record no. 189859)
[ view plain ]
| 000 -LEADER | |
|---|---|
| campo de control de longitud fija | 00714nam a2200193 i 4500 |
| 001 - NÚMERO DE CONTROL | |
| campo de control | 189859 |
| 003 - IDENTIFICADOR DE NÚMERO DE CONTROL | |
| campo de control | ES-MaACL |
| 005 - FECHA Y HORA DE LA ÚLTIMA TRANSACCIÓN | |
| campo de control | 20251005063142.0 |
| 008 - DATOS DE LONGITUD FIJA--INFORMACIÓN GENERAL | |
| campo de control de longitud fija | 191212s1968 sp |||| | spa d |
| 100 0# - ENTRADA PRINCIPAL--NOMBRE DE PERSONA | |
| Nombre de persona | Cándido de Viñayo, |
| Títulos y otros términos asociados al nombre | (O.F.M. Cap.) |
| 9 (RLIN) | 34466 |
| 245 10 - MENCIÓN DEL TÍTULO | |
| Título | Celebraciones bíblico eucarísticas |
| Resto del título | : lectura comentarios y preces para la exposición del Santísimo Sacramento / |
| Mención de responsabilidad, etc. | Cándido de Viñayo. |
| 260 ## - PUBLICACIÓN, DISTRIBUCIÓN, ETC. | |
| Lugar de publicación, distribución, etc. | Madrid : |
| Nombre del editor, distribuidor, etc. | Stvdivm, |
| Fecha de publicación, distribución, etc. | [1968] |
| 300 ## - DESCRIPCIÓN FÍSICA | |
| Extensión | 194 p. ; |
| Dimensiones | 18 cm. |
| 490 1# - MENCIÓN DE SERIE | |
| Mención de serie | Colección "Liturgia". Serie B ; |
| Designación de volumen o secuencia | 18 |
| 650 #4 - PUNTO DE ACCESO ADICIONAL DE MATERIA--TÉRMINO DE MATERIA | |
| Término de materia o nombre geográfico como elemento de entrada | Eucaristía- |
| Subdivisión general | Liturgia. |
| 9 (RLIN) | 163227 |
| 830 0# - PUNTO DE ACCESO ADICIONAL DE SERIE-TÍTULO UNIFORME | |
| Título uniforme | Colección "Liturgia". Serie B ; |
| Designación de volumen o secuencia | 18 |
| 9 (RLIN) | 193441 |
| 852 ## - LOCALIZACIÓN | |
| Ubicación | ES-MaACL |
| Número de control de estantería | P-1182-7 |
| Estatus retirado | Estado de pérdida | Estado de daño | No para préstamo | Biblioteca de origen | Biblioteca actual | Ubicación en estantería | Fecha de adquisición | Fuente de adquisición | Total de préstamos | Signatura topográfica completa | Código de barras | Visto por última vez | Precio de reemplazo | Tipo de ítem Koha |
|---|---|---|---|---|---|---|---|---|---|---|---|---|---|---|
| Biblioteca del Ateneo de Madrid | Biblioteca del Ateneo de Madrid | Depósito 2 | 12/12/2019 | P-1182-7 | 1201388 | 23/02/2023 | 23/02/2023 | Libro impreso |
